Nové trendy v oblasti komunikácie obchodnej spoločnosti so zákazníkom diplomová práca

Guardado en:
Detalles Bibliográficos
Autor principal: Bakaljarová, Mária
Autor Corporativo: Obchodná fakulta EU. Katedra informatiky obchodných firiem
Otros Autores: Potisková, Ingrid
Formato: Libro
Lenguaje:eslovaco
Publicado: Bratislava 2020
Etiquetas: Agregar Etiqueta
Sin Etiquetas, Sea el primero en etiquetar este registro!

MARC

LEADER 00000nbm a2200000 4500
001 0266388
005 20201009132618.9
041 0 |a slo 
044 |a SK 
245 1 0 |a Nové trendy v oblasti komunikácie obchodnej spoločnosti so zákazníkom  |b diplomová práca  |c Mária Bakaljarová ; školiteľ: Ingrid Potisková 
264 1 |a Bratislava  |c 2020 
300 |a 59 s. 
100 1 |a Bakaljarová, Mária 
700 1 |a Potisková, Ingrid 
710 2 |a Obchodná fakulta EU. Katedra informatiky obchodných firiem